The Devil's mistress (Record no. 28922)

MARC details
000 -LEADER
fixed length control field 00261nam a2200109Ia 4500
082 ## - DEWEY DECIMAL CLASSIFICATION NUMBER
Classification number 82-3
Item number WHE
100 ## - MAIN ENTRY--AUTHOR NAME
Personal name Brodie-Innes, J W
245 #4 - TITLE STATEMENT
Title The Devil's mistress
260 ## - PUBLICATION, DISTRIBUTION, ETC. (IMPRINT)
Place of publication London
Name of publisher Sphere
Year of publication 1974
942 ## - ADDED ENTRY ELEMENTS (KOHA)
Koha item type Books
Holdings
Withdrawn status Lost status Damaged status Not for loan Home library Current library Date acquired Cost, normal purchase price Full call number Accession Number Koha item type
        RRII Library RRII Library 16/12/2021 7.30 82-3 WHE 09513 Books